000 00741nam a2200253Ia 4500
003 OSt
005 20221005034019.0
006 a|||||r|||| 00| 0
007 ta
008 221004b |||||||| |||| 00| 0 urd d
020 _a8185360294 (hbk)
_c400
024 _a17212
037 _b4354, 18/12/2014, Kitabi Duniya
_cTextual
040 _aCRL
_cCRL
_burd
041 _2urd
_aurd
082 _aO168,1M76:g, M3;Q3
100 _aNarang Gopi Chand Ed.
245 0 _aIqbal ka fann
260 _aDelhi
_bEducational India
_c2013
300 _a344p.
_ccm.
650 _aURDU POETRY
942 _hO168,1M76:g, M3;Q3
_cTEXL
_2cc
999 _c942526
_d942526